00392nam a2200157 a 450000100060000000300090000600800410001502000150005604000280007108200090009910000110010824500130011926000520013249000270018465000230021119155CO-ViMGA141112s2004 ck r 000 u spa d a9681665739 aCO-ViMGAbspacCO-ViMGA04aISOg1 aIsol, 10aEl Globo aMexico : bFondo de Cultura Ecónomica, c2002 aA la orilla del viento14aCUENTOS INFANTILES